| 000 | 00000nam 2200000za 4500 |
| 001 | 9.515994 |
| 003 | CaOODSP |
| 005 | 20230221152648 |
| 007 | ta |
| 008 | 150406s2015 nscdb b f000 0 eng d |
| 020 | |a978-1-100-25537-8|z978-1-100-25538-5 |
| 040 | |aCaOODSP|beng |
| 041 | |aeng|bfre |
| 043 | |an-cn-nu |
| 086 | 1 |aFs97-16/195E|zFs97-16/195E-PDF |
| 100 | 1 |aPettipas, Roger G. |
| 245 | 10|aMoored instrument observations from Barrow Strait, 2010-2011 / |cby Roger Pettipas and Jim Hamilton. |
| 260 | |aDartmouth, Nova Scotia : |bFisheries and Oceans Canada, |c2015. |
| 300 | |aviii, 89 p. : |bgraphs, maps ; |c28 cm. |
| 490 | 1 |aCanadian data report of hydrography and ocean sciences, |x0711-6721 ; |v195 |
| 504 | |aIncludes bibliographical references (p. 9-10). |
| 546 | |aText in English, abstract in English and French. |
| 692 | 07|2gccst|aAquatic ecosystems |
| 692 | 07|2gccst|aEnvironmental management |
| 700 | 1 |aHamilton, Jim. |
| 710 | 1 |aCanada. |bDepartment of Fisheries and Oceans. |
| 776 | 0#|tMoored instrument observations from Barrow Strait, 2010-2011 |w(CaOODSP)9.581405 |
| 830 | #0|aCanadian data report of hydrography and ocean sciences,|x0711-6721 ; |v195.|w(CaOODSP)9.514681 |